[Event "Florence op 6th"]
[Site "Florence"]
[Date "2012.11.03"]
[Round "5"]
[White "Malescusi, Dea Nataraj"]
[Black "Lantschner, Alexander"]
[Result "1/2-1/2"]
[WhiteElo "1669"]
[BlackElo "1650"]
[PlyCount "113"]
[EventDate "2012.11.01"]
[EventType "swiss"]
[EventRounds "7"]
[EventCountry "ITA"]
[SourceTitle "EXT 2014"]
[Source "ChessBase"]
[SourceDate "2013.11.20"]
[SourceVersion "1"]
[SourceVersionDate "2013.11.20"]
[SourceQuality "1"]

1. d4 d5 2. c4 dxc4 3. e4 c6 4. Bxc4 e6 5. Nc3 Bb4 6. Nge2 Ne7 7. 0-0 Bxc3 8. Nxc3 0-0 9. Be3 Nd7 10. f4 Nb6 11. Bb3 Qc7 12. Qh5 g6 13. Qh4 f5 14. e5 Ned5 15. Nxd5 Nxd5 16. Bxd5 cxd5 17. Rac1 Qd7 18. Rc3 Qd8 19. Qh6 Bd7 20. Rfc1 Bc6 21. h4 Rf7 22. h5 Qh4 23. Bf2 Qxh5 24. Qxh5 gxh5 25. Rh3 Rg7 26. Rxh5 Kf7 27. Rh6 Ke7 28. Bh4+ Kd7 29. Bf6 Rf7 30. Rc3 Rg8 31. Rch3 Kc7 32. Rxh7 Rxh7 33. Rxh7+ Bd7 34. Kf2 b5 35. Kf3 a5 36. Rg7 Rb8 37. g4 fxg4+ 38. Kxg4 Kc6 39. Kg5 b4 40. Re7 Rg8+ 41. Rg7 Re8 42. b3 Ra8 43. Rg6 Rf8 44. f5 Kc7 45. fxe6 Bxe6 46. Rg7+ Kc6 47. Ra7 Rg8+ 48. Rg7 Rxg7+ 49. Bxg7 Kd7 50. Kf6 Bg4 51. Bf8 Bd1 52. e6+ Ke8 53. Bc5 Bc2 54. Bb6 Bb1 55. Bxa5 Bxa2 56. Bxb4 Bxb3 57. Ke5 1/2-1/2